000 01262naa a22002897a 4500
001 BR9401195
003 BR-BrBNA
005 20240918181137.0
007 ta
008 230509b bl.||||| |||| 00| 0 por d
040 _aBR-BrBNA
_bpor
_cBiblioteca Nacional de Agricultura
041 _a(Pt)
072 _aF06
090 _aF06 BR9401195
100 1 _aMello Junior, A.V.
100 1 _aSousa, V.F. de
100 1 _aDantas Neto, J.
111 1 _a21. Congresso Brasileiro de Engenharia Agricola1. Simposio de Engenharia Agricola do Cone Sul
_cSanta Maria, RS (Brazil)
_d27-31 Jul 1992
245 1 _aAvaliacao dos criterios de selecao de aspersor no dimensionamento de sistemas de irrigacao por aspersao convencional
260 3 _aSanta Maria, RS (Brasil):
_c1992.
500 _a21. Congresso Brasileiro de Engenharia Agricola e 1. Simposio de Engenharia Agricola do Cone Sul Santa Maria, RS (Brasil): 1992. v. 2B p. 1135-1148 (BR9401195-AM)F06
650 _aAspersor
650 _aIrrigacao por Aspersao
773 0 _t21. Congresso Brasileiro de Engenharia Agricola e 1. Simposio de Engenharia Agricola do Cone Sul
_wF06 BR9401195
_gSanta Maria, RS (Brasil), 1992. v. 2B p. 1135-1148
909 _a202404
_bLucia
_c55
_dLucia Elande
942 _cAM
_2AGRIS
999 _c323793
_d323793